000 00285nam a2200121Ia 4500
008 250327s9999 xx 000 0 und d
020 _a9781682854648
082 _bLLO
_aCQR
100 _aElizabeth lloyd
_933866
245 0 _aInternet Marketing
260 _bWillford Press
942 _cBK
999 _c6543
_d6543